1572 1525 1355 1126 1001 1418 1726 1302 1895 1924 1505 1054 1839 1376 1501 1922 1378 1816 1133 1468 1751 1200 1763 1079 1915 1187 1585 1636 1273 1098 1371 1847 1468 1482 1605 1735 1837 1832 1437 1256 1914 1772 1686 1923 1420 1733 1041 1540 1242 1110 1973 1202 1781 1408 1946 1569 1107 1359 1748 1753 1303 1958 1064 1855 1520 1154 1811 1300 1391 1809 1372 1196 1718 1272 1838 1633 1511 1486 1088 1883 1306 1100 1394 1709 1109 1121 1895 1960 1874 1079 1258 1852 1303 1345 1678 1000 1264 1100 1502 BCNSPRNW ULIB Ver.6.0+V

เปลี่ยนเป็นภาษาไทย

Change to English
 แสดงรายละเอียดบรรณานุกรม
  กลับหน้าหลัก

Brief Record : Get Marc (ISO 2709) : E-mail record : QR code < ปิดหน้าต่าง
LEADER : 00000nam 2200000uu 4500
001    13399120109
003     ULIB
008    020711s2552 th a 000 0 tha d
020    9786110600972
090    นว.^bต792จ
100    เตี่ยนซิน^eเขียน
245    จอมพยัคฆ์หญิง /^cเตี่ยนซิน
260    กรุงเทพฯ :^bแจ่มใส,^c2552
300    217 หน้า
700    พวงหยก,^eแปล
945    ^p159^l0^i026768
999    ^aทศพร
รายการนี้ยังไม่มีแท็ก
คุณยังไม่ได้ล็อกอิน คุณสามารถมีกิจกรรมร่วมกับเว็บไซต์ได้ แต่ต้องล็อกอินก่อน ::
  ล็อกอิน

รายการสื่อสารสนเทศ

ลำดับที่ ประเภท เลขเรียก/บาร์โค้ด สถานที่ สถานะ
1. นวนิยาย
นวนิยาย
นว. ต792จ ฉ.1 
  Barcode: 026768
ห้องสมุดวิทยาเขตสวรรค์ประชารักษ์
►นวนิยาย
บนชั้น
  ขอยืม

BibComment


ยังไม่เคยถูกคอมเมนท์

คอมเมนท์ทรัพยากรรายการนี้
  คอมเมนท์: จอมพยัคฆ์หญิง เต..


 Copyright 2026. Bcnsprnw @Library